000 00221 a2200097 4500
001 9343
100 _aChurchil, W S
245 _aA history of the english speaking peoples.
260 _a
_bCassel
_c
090 _c7510
_d7510
942 _aNUST-CAE
_cM
_c34168
999 _c244416
_d244416